| 000 | 00759cam a22002291 4500 | ||
|---|---|---|---|
| 001 | sa 68010520 | ||
| 003 | DLC | ||
| 005 | 20260227112552.0 | ||
| 008 | 840608s1967 ii f000 0 eng | ||
| 010 | _asa 68010520 | ||
| 035 | _a(OCoLC)21640323 | ||
| 040 |
_aDLC _cCU _dOCoLC _dDLC |
||
| 042 | _apremarc | ||
| 043 | _aa-ii--- | ||
| 050 | 0 | 0 |
_aJQ264 _b.A3 1967 |
| 110 | 1 |
_aIndia. _bParliament. _bLok Sabha. |
|
| 245 | 1 | 0 |
_aRules of procedure and conduct of business in Lok Sabha, as modified upto March, 1967. _b5th ed., laid on the table on the 28th March, 1957. |
| 250 | _a5th ed. | ||
| 260 |
_aNew Delhi, _bLok Sabha Secretariat, _c1967. |
||
| 300 |
_axxxvii, 233 p. _c18 cm. |
||
| 610 | 1 | 0 |
_aIndia. _bParliament. _bHouse of the People _xRules and practice. |
| 999 |
_c83428 _d83428 |
||